The Hutchinson encyclopedia in full colour
| Format: | Book |
|---|---|
| Published: |
London :
Hutchinson ,
1990
|
| Subjects: |
MARC
| LEADER | 00000cam a2200000 7i4500 | ||
|---|---|---|---|
| 001 | 0000002129 | ||
| 002 | 000002325 | ||
| 005 | 20000330.0 | ||
| 020 | |a 0091745527 | ||
| 090 | 0 | 0 | |a 031 |b HUT |
| 245 | 0 | 4 | |a The Hutchinson encyclopedia in full colour |
| 260 | |a London : |b Hutchinson , |c 1990 | ||
| 300 | |a 1241p | ||
| 650 | 0 | 0 | |a Encyclopedias and dictionaries |
| 999 | |a 028206 |b BUKU |c RUJUKAN |e PERPUSTAKAAN KOMUNITI PETALING JAYA | ||